| 000 | 00364nam a2200145Ia 4500 | ||
|---|---|---|---|
| 008 | 240624s9999 xx 000 0 und d | ||
| 041 | _aeng | ||
| 082 | _a658.4034 TAH | ||
| 100 | _aTAHA HAMDY A | ||
| 245 | _aOPERATIONS RESEARCH AN INTRODUCTION | ||
| 250 | _a(9th ed.) | ||
| 260 |
_c2015 _aNew Delhi _bPearson |
||
| 300 | _a816 : p. : cm. ; 26 | ||
| 365 |
_cRS _b33 |
||
| 999 |
_c24630 _d24630 |
||